Public Finance In Theory and Practice (Record no. 2869)

MARC details
000 -LEADER
fixed length control field 00328nam a22001337a 4500
008 - FIXED-LENGTH DATA ELEMENTS--GENERAL INFORMATION
fixed length control field 250404b |||||||| |||| 00| 0 eng d
020 ## - INTERNATIONAL STANDARD BOOK NUMBER
ISBN 0071002278
100 ## - MAIN ENTRY--AUTHOR
Author MUSGRAVE A. Richard
245 ## - TITLE STATEMENT
Title Public Finance In Theory and Practice
260 ## - PUBLICATION, DISTRIBUTION, ETC. (IMPRINT)
Place of publication NIL
Name of publisher NIL
Date of publication 1989
300 ## - COLLATION
Pagination xvi, 627p.
942 ## - ADDED ENTRY ELEMENTS (KOHA)
Item type Books
050 ## - LIBRARY OF CONGRESS CALL NUMBER
Classification number HJ257
Item number .M87
Holdings
Source of classification or shelving scheme Not for loan Permanent location Current location Date acquired Accession No. Full call number Barcode. Koha item type
Library of Congress Classification   Samuel Ogbemudia Main Library, University of Abuja Samuel Ogbemudia Main Library, University of Abuja 04/04/2025 91/00220 HL257.M87 2025-1200 Books